| 000 | 00369nam a22001577a 4500 | ||
|---|---|---|---|
| 003 | CEME | ||
| 005 | 20210628205828.0 | ||
| 008 | 210317b xxu||||| |||| 00| 0 eng d | ||
| 040 | _c. | ||
| 082 | _a615.1 FAR | ||
| 100 |
_aDr. Muhammad Farooq _977169 |
||
| 245 | _aAllah aap ko shifa daay | ||
| 260 |
_aLAHORE _bTAKHLEEQAT _c1999 |
||
| 300 | _a352P | ||
| 942 |
_cBK _2ddc |
||
| 999 |
_c582485 _d582485 |
||